Beques Comerç i Ciutat : per a la realització d'estudis sobre el comerç urbà : dossier informatiu 2005 - 2007 per a la realització d'estudis sobre el comerç urbà :
Descripción Física:
12 p. ; 30 cm
Materias:
Comerç -- Beques
MARC
| LEADER | 00000nam a2200000Ia 4500 | ||
|---|---|---|---|
| 001 | 19275 | ||
| 008 | 160829s2007 xx 000 0 cat d | ||
| 080 | |a FU-3-39 | ||
| 245 | |a Beques Comerç i Ciutat : |b per a la realització d'estudis sobre el comerç urbà : |b dossier informatiu 2005 - 2007 | ||
| 250 | |a 3a ed. | ||
| 260 | |a Barcelona : |b Diputació de Barcelona. Delegació de Comerç, |c 2007 | ||
| 300 | |a 12 p. ; |c 30 cm | ||
| 650 | |a Comerç |x Beques |9 45668 | ||
| 710 | 1 | |a Barcelona (Catalunya : Província). |b Àrea de Desenvolupament Econòmic i Ocupació |9 51324 | |
| 901 | |a Arxiu | ||
| 942 | |n 1 | ||
| 952 | |0 0 |1 0 |4 0 |6 FU339 |7 1 |9 52753 |a Arxiu |b Arxiu |d 2016-12-01 |l 0 |o FU-3-39 |p 19275 |r 2016-12-01 00:00:00 |w 2016-12-01 |y ARXIU | ||
| 999 | |c 56602 |d 56602 | ||